Statistics for Counties of Ireland

Click here to take the quiz!

General Stats

  • This quiz has been taken 60,628 times
    (60,626 since last reset)
  • The average score is 20 of 32

Answer Stats

Province County % Correct
LeinsterDublin
93%
MunsterCork
92%
UlsterDerry /
Londonderry
78%
ConnaughtGalway
77%
MunsterKerry
73%
UlsterDonegal
72%
MunsterWaterford
71%
MunsterLimerick
71%
ConnaughtMayo
67%
UlsterAntrim
67%
LeinsterWexford
67%
ConnaughtSligo
65%
MunsterClare
64%
LeinsterMeath
64%
LeinsterKilkenny
64%
UlsterDown
64%
UlsterArmagh
63%
MunsterTipperary
62%
UlsterTyrone
61%
UlsterFermanagh
59%
LeinsterWicklow
59%
LeinsterWestmeath
58%
UlsterCavan
56%
LeinsterKildare
56%
ConnaughtRoscommon
55%
LeinsterLouth
55%
UlsterMonaghan
55%
ConnaughtLeitrim
51%
LeinsterOffaly
51%
LeinsterLaois
51%
LeinsterCarlow
49%
LeinsterLongford
46%

Score Distribution

Percentile by Number Answered

Percent of People with Each Score

Your Score History

You have not taken this quiz since the last reset